000 00633nam a2200253Ia 4500
001 19669
005 20240113235941.0
007 ta
008 060211s a g b000 u 465 u
040 _aCotton College,Assam
041 _a465
082 _a530
_bM 312 T
100 _aMandal, T.M..
245 0 _aA Text Book of Physics /
_cT.M.Mandal.
_hTextual Documents
250 _a1st ed. /
260 _aCalcutta :
_bSen Brothers & Co. ,
_cNd.
300 _a225p. :
_bill ;
_c18cm .
504 _aindex
653 _aPhysics
653 _aG-Physics
942 _2ddc
_cBK
999 _c19651
_d19651